000 00819nas a2200265 4500
001 BR9203671
003 BR-BrBNA
005 20231205095043.0
007 ta
008 230509b bl.|||p| |||| 00| 00por d
040 _aBR-BrBNA
_bpor
_cBiblioteca Nacional de Agricultura
041 _a(Pt)
072 _aL73
100 1 _aViana, J.G.L.
100 1 _aSantos, M.N. dos
100 1 _aRaiser, A.G.
100 1 _aPellegrini, L.C. de
100 1 _aFacin, P.R.
245 1 _aOsteossarcoma de umero e escapula em canino com metastase para o pulgao, linfonodos e coracao
650 _aCao
650 _aOsteossarcoma
773 0 _tRevista do Centro de Ciencias Rurais (Brazil)
_xISSN 0085-5901
_g(Apr-Jun 1986), v. 16(2) p. 177-183
_wBR9203671
909 _a202311
_bLúcia
_c55
_dLúcia Elande
942 _2AGRIS
_n0
_cANA
999 _c148472
_d148472